000 00459nam a2200193Ia 4500
005 20250603145750.0
008 250603s9999 xx 000 0 und d
020 _a9780273788508
050 _aHB 137 .B37/
100 _aBarrow, Michael
245 0 _aStatistics for economics, accounting and business studies
250 _a6th ed.
260 _aBoston
260 _bPearson
260 _c2013
300 _a482 p
650 _aBoston
942 _cBK
999 _c42788
_d42788